书目信息 |
| 题名: |
程序设计实践与习题指导
|
|
| 作者: | 崔贯勋 , 全文君 主编 | |
| 分册: | ||
| 出版信息: | 北京 清华大学出版社 2025.08 |
|
| 页数: | 301页 | |
| 开本: | 20cm | |
| 丛书名: | 国家级实验教学示范中心联席会计算机学科组规划教材 | |
| 单 册: | ||
| 中图分类: | TP312.8 | |
| 科图分类: | ||
| 主题词: | 软件 | |
| 电子资源: | ||
| ISBN: | 978-7-302-69521-9 | |
| 000 | 00919nam0 2200241 450 | |
| 001 | 2660483504 | |
| 005 | 20260528165108.93 | |
| 010 | @a978-7-302-69521-9@dCNY59.00 | |
| 100 | @a20260528d2025 km y0chiy0120 ea | |
| 101 | 0 | @achi |
| 102 | @aCN@b110000 | |
| 200 | 1 | @a程序设计实践与习题指导@ACheng Xu She Ji Shi Jian Yu Xi Ti Zhi Dao@ePython语言:基于计算思维能力培养@f崔贯勋, 全文君主编@FCui Guan Xun,Quan Wen Jun Zhu Bian |
| 210 | @a北京@c清华大学出版社@d2025.08 | |
| 215 | @a301页@d20cm | |
| 225 | 2 | @a国家级实验教学示范中心联席会计算机学科组规划教材 |
| 410 | 0 | @12001 @a国家级实验教学示范中心联席会计算机学科组规划教材 |
| 517 | 1 | @aPython语言:基于计算思维能力培养@APython Yu Yan:Ji Yu Ji Suan Si Wei Neng Li Pei Yang |
| 606 | 0 | @a软件 |
| 690 | @aTP312.8@v4 | |
| 701 | 0 | @a崔贯勋@ACui Guan Xun@4主编 |
| 701 | 0 | @a全文君@AQuan Wen Jun@4主编 |
| 801 | 0 | @aCN@b河南城建学院图书馆@c20260528 |
| 905 | @dTP312.8@eC971 | |
| 程序设计实践与习题指导:Python语言:基于计算思维能力培养/崔贯勋, 全文君主编.-北京:清华大学出版社,2025.08 |
| 301页;20cm.-(国家级实验教学示范中心联席会计算机学科组规划教材) |
| ISBN 978-7-302-69521-9:CNY59.00 |
| ● |
| 相关链接 |
|
|
|
正题名:程序设计实践与习题指导
索取号:TP312.8/C971
 
预约/预借
| 序号 | 登录号 | 条形码 | 馆藏地/架位号 | 状态 | 备注 |
| 1 | 1556909 | 215569098 | 计算机与数据科学学院资料室/ [索取号:TP312.8/C971] | 在馆 |